L'Espagne de A à Z - Statistiques

Statistiques générales
  • Ce quiz a été pris 9 920 fois
    9 833 depuis la dernière actualisation
  • Le résultat moyen est 16 sur 26
Statistiques - réponses
Lettre Indice Réponse % Correct
N Tennisman espagnol qui a remporté 22 titres dans les tournois du Grand Chelem Rafael Nadal
90%
P Spécialité culinaire traditionnelle espagnole à base de riz originaire de Valence Paella
89%
D Peintre catalan du surréalisme, il a peint des horloges molles et des cygnes-éléphants Salvador Dalí
89%
Z Personnage de fiction masqué qui combat les injustices dans les colonies espagnoles Zorro
87%
F Genre musical et danse andalouse Flamenco
85%
G Territoire britannique situé au Sud de l'Espagne Gibraltar
85%
O Fruit dont l'Espagne est le principal producteur européen, particulièrement cultivé près de Valence Orange
85%
C Archipel situé au large des côtes marocaines Îles Canaries
84%
Q Célèbre Don, héro d'un roman de Miguel de Cervantes Don Quichotte
83%
I Nom de famille des chanteurs espagnols Julio et Enrique Iglesias
83%
S Quatrième ville du pays traversée par le Guadalquivir Séville
77%
X Célèbre footballeur espagnol du FC Barcelone, il remporte la Coupe du Monde 2010 aux côtés d'Andrés Iniesta Xavi
66%
A Célèbre palais andalou, l'un des bâtiments les plus visités d'Espagne Alhambra
63%
Y Autre joueur du FC Barcelone devenu le plus jeune joueur de l'histoire de la sélection espagnole lors du match contre la Géorgie le 8 septembre 2023 Lamine Yamal
59%
W Peuple germanique qui pénètre en Espagne en 414 pour y fonder un royaume qui s'effondre en 720 Wisigoths
55%
V Nom espagnol du Tour d'Espagne, l'une des courses cyclistes les plus prestigieuses au monde La Vuelta
54%
L Royaume qui s'est uni à la Castille vers l'an 1230 León
40%
M Exclave espagnole située au Nord-Est du Maroc Melilla
37%
R Chanteuse catalane qui connaît le succès grâce aux albums "El mal querer" en 2018 et "Motomami" en 2022 Rosalía
36%
K Discipline sportive pratiquée sur les côtes espagnoles, dans laquelle l'athlète Gisela Pulido a été nommée championne du monde en 2004 à l'âge de 10 ans Kitesurf
35%
H Nom romain de la péninsule Ibérique ou se trouve l'Espagne Hispanie
34%
U Nom espagnol du raisin, il est de coutume d'en manger 12 grains pour le Nouvel An Uva
34%
E Communauté autonome d'Espagne frontalière du Portugal, sa capitale est Mérida Estrémadure
30%
B Acteur espagnol oscarisé pour son rôle dans le film No Country for Old Men Javier Bardem
29%
T Plus grand fleuve de la péninsule Ibérique, la vile de Madrid est comprise dans son bassin versant Tage
28%
J Ville du sud de l'Espagne, on y produit le Xérès {Jerez} de la Frontera
25%
Aucun quiz correspondant
Distribution des résultats
% des personnes avec chaque résultat
Percentile par nombre de réponses
Votre historique - résultats
Vous n’avez pas pris ce quiz depuis la dernière actualisation